| 000 | 00723nam a2200229Ia 4500 | ||
|---|---|---|---|
| 001 | 15842 | ||
| 003 | GE_BSU | ||
| 008 | 181216s||||||||xx |||||||||||||| ||und|| | ||
| 040 | _cGE_BSU | ||
| 080 | _a821.353.1-31 | ||
| 100 | _aხურციძე, გრიგოლ | ||
| 245 | _aჩვენი დღე და სოფელი | ||
| 245 | _bრომანი | ||
| 245 | _cრედ.ვ.წულუკიძე. მხ.ა.თოდრია | ||
| 260 | _aთბილისი | ||
| 260 | _bმერანი | ||
| 260 | _c1973 | ||
| 300 | _a368გვ. : 1ფ. პორტრ. ; 20სმ | ||
| 653 | _aრომანი | ||
| 653 | _aჩვენი დღე და სოფელი | ||
| 942 | _cBK | ||
| 999 |
_c48939 _d48939 |
||